| 000 | 01099nam a2200265 i 4500 | ||
|---|---|---|---|
| 001 | 187209 | ||
| 003 | SpMaBN | ||
| 005 | 20250628053604.0 | ||
| 008 | 170508s1987 ck ch |||| |dspa d | ||
| 080 | _a806.0-5(035.3)"18" | ||
| 100 | 1 |
_aMendoza Pérez, Diego. _9162558 |
|
| 245 | 1 | 0 |
_aVocabulario gramatical / _cDiego Mendoza Pérez ; estudio biográfico, bibliográfico y crítico por Jaime Bernal Leongómez. |
| 260 |
_aBogotá : _b[Instituto Caro y Cuervo], _c1987. |
||
| 300 |
_aCXIII, 312 p. : _b1 retr. autor ; _c21 cm. |
||
| 490 | 1 |
_aPublicaciones del Instituto Caro y Cuervo. _aMinor ; _v28 |
|
| 504 | _aBibliografía: p. [307]-309. | ||
| 534 |
_pCon reprod. facs. de la ed. de: _cTunja : Imp. de Torres Hermanos y C.ª, 1884. |
||
| 650 | 4 |
_aLengua española- _xGramática. _914161 |
|
| 700 | 1 |
_aBernal Leongomez, Jaime. _928196 |
|
| 710 | 2 |
_aInstituto Caro y Cuervo. _94806 |
|
| 830 | 0 |
_aPublicaciones del Instituto Caro y Cuervo. _aMinor ; _v28 _9192752 |
|
| 852 |
_aES-MaACL _cDEPO2 _hDonativo José Prat _jL-31552 |
||
| 942 |
_2udc _cMONOGRAFIA _n0 |
||
| 999 |
_c187209 _d187209 |
||